书目信息 |
| 题名: |
高等数学
|
|
| 作者: | 李关民 , 王键闻 , 李颖 编 | |
| 分册: | 上册 | |
| 出版信息: | 沈阳 东北大学出版社 2006.08 |
|
| 页数: | 226页 | |
| 开本: | 23cm | |
| 丛书名: | ||
| 单 册: | ||
| 中图分类: | O13 | |
| 科图分类: | ||
| 主题词: | 高等数学--gao deng shu xue--高等学校--教材 | |
| 电子资源: | ||
| ISBN: | 7-81102-298-2 | |
| 000 | 00902nam0 2200265 450 | |
| 001 | 012007967374 | |
| 005 | 20071010161911.73 | |
| 010 | @a7-81102-298-2@dCNY24.00 | |
| 100 | @a20070817d2006 km y0chiy0120 ea | |
| 101 | 0 | @achi |
| 102 | @aCN@b210000 | |
| 105 | @aa z 000yy | |
| 200 | 1 | @a高等数学@Agao deng shu xue@h上册@f李颖 ... [等] 编@Fli ying...[deng]bian |
| 210 | @a沈阳@c东北大学出版社@d2006.08 | |
| 215 | @a226页@c图@d23cm | |
| 300 | @a21世纪新理念高职高专规划教材 | |
| 304 | @a题名页题: 李颖, 李关民, 王键闻, 郭颖编 | |
| 330 | @a本书共分上下册,上册内容包括:极限与连续、导数与微分、导数的应用、不定积分、定积分及其应用、微分方程与差分方程。 | |
| 606 | 0 | @a高等数学@Agao deng shu xue@x高等学校@j教材 |
| 690 | @aO13@v4 | |
| 701 | 0 | @a李关民@Ali guan min@4编 |
| 701 | 0 | @a王键闻@Awang jian wen@4编 |
| 701 | 0 | @a李颖@Ali ying@4编 |
| 801 | 0 | @aCN@c20071010 |
| 905 | @dO13@eL322:1 | |
| 高等数学.上册/李颖 ... [等] 编.-沈阳:东北大学出版社,2006.08 |
| 226页:图;23cm |
| 21世纪新理念高职高专规划教材 |
| ISBN 7-81102-298-2:CNY24.00 |
| 本书共分上下册,上册内容包括:极限与连续、导数与微分、导数的应用、不定积分、定积分及其应用、微分方程与差分方程。 |
| ● |
| 相关链接 |
|
|
|
正题名:高等数学
索取号:O13/L322:1
 
预约/预借
| 序号 | 登录号 | 条形码 | 馆藏地/架位号 | 状态 | 备注 |
| 1 | 254292 | 202542926 | 自科库401/401自科库 106排3列2层/ [索取号:O13/L322:1] | 在馆 | |
| 2 | 254293 | 202542935 | 自科库401/401自科库 106排3列2层/ [索取号:O13/L322:1] | 在馆 | |
| 3 | 254294 | 202542944 | 自科库401/401自科库 106排3列2层/ [索取号:O13/L322:1] | 在馆 |